<?xml version="1.0" encoding="UTF-8"?><?xml-stylesheet type="text/xsl" href="static/style.xsl"?><OAI-PMH xmlns="http://www.openarchives.org/OAI/2.0/" xmlns:xsi="http://www.w3.org/2001/XMLSchema-instance" xsi:schemaLocation="http://www.openarchives.org/OAI/2.0/ http://www.openarchives.org/OAI/2.0/OAI-PMH.xsd"><responseDate>2026-06-06T02:46:23Z</responseDate><request verb="GetRecord" identifier="oai:riuma.uma.es:10630/39103" metadataPrefix="marc">https://riuma.uma.es/rest/oai/request</request><GetRecord><record><header><identifier>oai:riuma.uma.es:10630/39103</identifier><datestamp>2026-02-03T11:02:56Z</datestamp><setSpec>com_10630_2254</setSpec><setSpec>col_10630_37953</setSpec></header><metadata><record xmlns="http://www.loc.gov/MARC21/slim" xmlns:dcterms="http://purl.org/dc/terms/" xmlns:doc="http://www.lyncode.com/xoai" xmlns:xsi="http://www.w3.org/2001/XMLSchema-instance" xsi:schemaLocation="http://www.loc.gov/MARC21/slim http://www.loc.gov/standards/marcxml/schema/MARC21slim.xsd">
   <leader>00925njm 22002777a 4500</leader>
   <datafield ind2=" " ind1=" " tag="042">
      <subfield code="a">dc</subfield>
   </datafield>
   <datafield ind2=" " ind1=" " tag="720">
      <subfield code="a">Pérez-Rufi, José Patricio</subfield>
      <subfield code="e">author</subfield>
   </datafield>
   <datafield ind2=" " ind1=" " tag="720">
      <subfield code="a">Pérez-Rufí, María Isabel</subfield>
      <subfield code="e">author</subfield>
   </datafield>
   <datafield ind2=" " ind1=" " tag="260">
      <subfield code="c">2025-04-05</subfield>
   </datafield>
   <datafield ind2=" " ind1=" " tag="520">
      <subfield code="a">Este trabajo ofrece una revisión actualizada del ecosistema de la radio en España. El principal objetivo es identificar los principales grupos mediáticos presentes en la radio española, así como sus principales marcas, sus propietarios y su audiencia, con objeto de describirlos y ubicarlos en la estructura del mercado radiofónico en España. Desde la perspectiva de la Economía Política de la Comunicación, analiza cómo las dinámicas históricas han configurado la estructura del mercado radiofónico en España. La investigación combina datos del Anuario SGAE 2023 y de la Encuesta General de Medios (AIMC, 2024) con una revisión bibliográfica centrada en aspectos como el accionariado, relaciones mediáticas y audiencias. Se limita a emisoras nacionales que emiten por ondas hertzianas, excluyendo las exclusivamente online y locales. Los resultados apuntan a la estructura de la radio española como un sistema mixto (con emisoras públicas y privadas) con cuatro grandes conglomerados dominantes: RTVE, Prisa Radio, Ábside Media y Atresmedia Radio. Estas corporaciones controlan la mayoría de las emisoras y audiencias, con una fuerte concentración del mercado. Se concluye que el mercado radiofónico español se caracteriza por un sistema oligopólico que restringe la diversidad de contenidos, priorizando intereses comerciales sobre funciones públicas. Este fenómeno plantea interrogantes sobre el equilibrio entre intervencionismo, pluralidad y libertad empresarial.</subfield>
   </datafield>
   <datafield ind1="8" ind2=" " tag="024">
      <subfield code="a">Pérez-Rufí, J. P., &amp; Pérez-Rufí, M. I. (2025). Ecosistema de la radio en España: estructura del mercado radiofónico español: Radio Ecosystem in Spain: structure of the Spanish radio market. Razón Y Palabra., 29(122). https://doi.org/10.26807/rp.v29i122.2190</subfield>
   </datafield>
   <datafield ind1="8" ind2=" " tag="024">
      <subfield code="a">https://hdl.handle.net/10630/39103</subfield>
   </datafield>
   <datafield ind1="8" ind2=" " tag="024">
      <subfield code="a">10.26807/rp.v29i122.2190</subfield>
   </datafield>
   <datafield tag="653" ind2=" " ind1=" ">
      <subfield code="a">Programas de radio - España</subfield>
   </datafield>
   <datafield tag="653" ind2=" " ind1=" ">
      <subfield code="a">Medios de comunicación social</subfield>
   </datafield>
   <datafield tag="653" ind2=" " ind1=" ">
      <subfield code="a">Radiodifusión</subfield>
   </datafield>
   <datafield ind2="0" ind1="0" tag="245">
      <subfield code="a">Ecosistema de la radio en España: estructura del mercado radiofónico español</subfield>
   </datafield>
</record>
</metadata></record></GetRecord></OAI-PMH>